| LEADER | 00466nam a2200181Ia 4500 | ||
|---|---|---|---|
| 008 | 240830s9999 xx 000 0 und d | ||
| 040 | |a B-ESTELÍ- RUACS / 371.9 N 583 | ||
| 041 | |a spa | ||
| 082 | |a 371.9 N 583 | ||
| 100 | 1 | |a Gil. Rafael Lucio, PH.D. | |
| 245 | 1 | 0 | |a Dossier Básico pedagogia e Educación Superior |
| 260 | |a Nicaragua |b UNI |c 2006 | ||
| 300 | |a 423 p. :il. | ||
| 650 | 7 | |a EDUCACION | |
| 650 | 7 | |b ESCUELA | |
| 942 | |c BK |2 ddc | ||
| 991 | |a TEXTO | ||
| 999 | |c 10826 | ||